Global warming : (Record no. 598446)
[ view plain ]
| 000 -LEADER | |
|---|---|
| fixed length control field | 00266nam a2200109Ia 4500 |
| 008 - FIXED-LENGTH DATA ELEMENTS--GENERAL INFORMATION | |
| fixed length control field | 230907s9999||||xx |||||||||||||| ||und|| |
| 082 ## - DEWEY DECIMAL CLASSIFICATION NUMBER | |
| Classification number | 363.73874 |
| Author Mark | HOU |
| 100 ## - MAIN ENTRY--PERSONAL NAME | |
| Personal name | Houghton, J. T. |
| 9 (RLIN) | 115460 |
| 245 #0 - TITLE STATEMENT | |
| Title | Global warming : |
| 300 ## - PHYSICAL DESCRIPTION | |
| Extent | xvi, 380 pages : |
| 942 ## - ADDED ENTRY ELEMENTS (KOHA) | |
| Koha item type | Book |
| Withdrawn status | Lost status | Damaged status | Not for loan | Permanent Location | Current Location | Date acquired | Total Checkouts | Full call number | Barcode | Date last seen | Price effective from | Koha item type |
|---|---|---|---|---|---|---|---|---|---|---|---|---|
| US-Pakistan Center for Advanced Studies in Energy (USPCAS-E) | US-Pakistan Center for Advanced Studies in Energy (USPCAS-E) | 07/18/2019 | 363.73874 HOU | CAS-E0002545 | 09/12/2023 | 09/12/2023 | Book |
